书目信息 |
| 题名: |
浣溪沙
|
|
| 作者: | 陈胄 , 高正贤 著 ;陈晓杰 主编 | |
| 分册: | ||
| 出版信息: | 南京 江苏凤凰科学技术出版社 2019 |
|
| 页数: | 103页 | |
| 开本: | 27cm | |
| 丛书名: | ||
| 单 册: | ||
| 中图分类: | J212.1 | |
| 科图分类: | ||
| 主题词: | 白描--仕女画--国画技法 | |
| 电子资源: | ||
| ISBN: | 978-7-5713-0158-3 | |
| 000 | 00946nam0 2200265 450 | |
| 001 | 012001006193 | |
| 005 | 20131101084353.0 | |
| 010 | @a978-7-5713-0158-3@dCNY45.00 | |
| 100 | @a20190722d2019 em y0chiy50 ea | |
| 101 | 0 | @achi |
| 102 | @aCN@b320000 | |
| 105 | @aa z 000yy | |
| 106 | @ar | |
| 200 | 1 | @a浣溪沙@9huan xi sha@b专著@e古代美女线描涂色集@f陈胄,高正贤著@g陈晓杰主编 |
| 210 | @a南京@c江苏凤凰科学技术出版社@d2019 | |
| 215 | @a103页@c图@d27cm | |
| 300 | @a凤凰含章 介于手绘 | |
| 330 | @a本书讲解了工具材料的选取和运用、线描的历史和传承、线描的审美等;深入浅出地带大家赏析经典名作案例,以及线描历史的初步梳理;书中案例会引导读者一步一步来学习如何临摹仕女线描和运用线。 | |
| 606 | 0 | @a白描@x仕女画@x国画技法 |
| 690 | @aJ212.1@v5 | |
| 701 | 0 | @a陈胄@9chen zhou@4著 |
| 701 | 0 | @a高正贤@9gao zheng xian@4著 |
| 702 | 0 | @a陈晓杰@9chen xiao jie@4主编 |
| 801 | 2 | @aCN@b上海新华@c20191020 |
| 905 | @b1131154-7@dJ212.1@e1050@f4 | |
| 浣溪沙:古代美女线描涂色集/陈胄,高正贤著/陈晓杰主编.-南京:江苏凤凰科学技术出版社,2019 |
| 103页:图;27cm |
| 凤凰含章 介于手绘 |
| ISBN 978-7-5713-0158-3:CNY45.00 |
| 本书讲解了工具材料的选取和运用、线描的历史和传承、线描的审美等;深入浅出地带大家赏析经典名作案例,以及线描历史的初步梳理;书中案例会引导读者一步一步来学习如何临摹仕女线描和运用线。 |
| ● |
| 相关链接 |
|
|
|
|
正题名:浣溪沙
索取号:J212.1/1050
 
预约/预借
| 序号 | 登录号 | 条形码 | 馆藏地/架位号 | 状态 | 备注 |
| 1 | 1131154 | 211311542 | 第一样本阅览室/ [索取号:J212.1/1050] | 在馆 | |
| 2 | 1131155 | 211311551 | 第一借阅区/ [索取号:J212.1/1050] | 在馆 | |
| 3 | 1131156 | 211311560 | 第一借阅区/ [索取号:J212.1/1050] | 在馆 | |
| 4 | 1131157 | 211311579 | 第一借阅区/ [索取号:J212.1/1050] | 在馆 |